Разработка тестовых материалов: учебно-методический комплекс

Xehetasun bibliografikoak
Erakunde egilea: Томский политехнический университет (ТПУ)
Beste egile batzuk: Михайлова Н. С. Наталья Степановна, Минин М. Г. Михаил Григорьевич, Муратова Е. А. Елена Анатольевна, Илюхин Б. В. Борис Валентинович
Gaia:Заглавие с титульного экрана
Электронная версия печатной публикации
Режим доступа: из корпоративной сети ТПУ
Hizkuntza:errusiera
Argitaratua: Томск, Изд-во ТПУ, 2009
Gaiak:
Sarrera elektronikoa:http://www.lib.tpu.ru/fulltext2/m/2009/m22.pdf
Formatua: MixedMaterials Baliabide elektronikoa Liburua
KOHA link:https://koha.lib.tpu.ru/cgi-bin/koha/opac-detail.pl?biblionumber=163052

MARC

LEADER 00000nlm0a2200000 4500
001 163052
005 20240115120351.0
035 |a (RuTPU)RU\TPU\book\176862 
090 |a 163052 
100 |a 20090703d2009 m y0rusy50 ca 
101 0 |a rus 
102 |a RU 
105 |a a j 000zy 
135 |a vrcn ---uucaa 
181 0 |a i  
182 0 |a b 
200 1 |a Разработка тестовых материалов  |e учебно-методический комплекс  |f Н. С. Михайлова [и др.]  |g Томский политехнический университет (ТПУ) 
203 |a Текст  |c электронный 
210 |a Томск  |c Изд-во ТПУ  |d 2009 
300 |a Заглавие с титульного экрана 
300 |a Электронная версия печатной публикации 
333 |a Режим доступа: из корпоративной сети ТПУ 
337 |a Adobe Reader 
488 1 |0 (RuTPU)RU\TPU\book\161561  |t Разработка тестовых материалов  |o учебно-методический комплекс  |f Н. С. Михайлова [и др.]  |g Томский политехнический университет (ТПУ)  |c Томск  |n Изд-во ТПУ  |d 2008  |p 282 с. 
610 1 |a высшее образование 
610 1 |a вузы 
610 1 |a обучение 
610 1 |a методика 
610 1 |a методология 
610 1 |a тесты 
610 1 |a тестовые материалы 
610 1 |a разработка 
610 1 |a автоматизация 
610 1 |a труды учёных ТПУ 
610 1 |a учебные пособия 
610 1 |a электронный ресурс 
686 |a Ч481.28я73  |2 rubbk 
701 1 |a Михайлова  |b Н. С.  |c специалист в области педагогических измерений  |c доцент Томского политехнического университета, кандидат педагогических наук  |f 1959-  |g Наталья Степановна  |3 (RuTPU)RU\TPU\pers\26667  |9 12325 
701 1 |a Минин  |b М. Г.  |c специалист в области инженерной педагогики  |c профессор Томского политехнического университета, доктор педагогических наук  |f 1944-  |g Михаил Григорьевич  |3 (RuTPU)RU\TPU\pers\26824  |9 12443 
701 1 |a Муратова  |b Е. А.  |c специалист в области оценки качества образования  |c доцент Томского политехнического университета, кандидат технических наук  |f 1974-  |g Елена Анатольевна  |3 (RuTPU)RU\TPU\pers\26669  |9 12327 
701 1 |a Илюхин  |b Б. В.  |g Борис Валентинович 
712 0 2 |a Томский политехнический университет (ТПУ)  |c (1991- )  |3 (RuTPU)RU\TPU\col\376 
801 1 |a RU  |b 63413507  |c 20090703  |g PSBO 
801 2 |a RU  |b 63413507  |c 20130125  |g PSBO 
856 4 |u http://www.lib.tpu.ru/fulltext2/m/2009/m22.pdf 
942 |c CF